000 00611nam a22001817a 4500
999 _c14635
_d14635
003 AR-CdUCM
008 190424b ||||| |||| 00| 0 spa d
040 _aMUNICIPALIDAD PROVINCIAL DEL CUSCO
_cBIBLIOTECA MUNICIPAL DEL CUSCO
082 _aC / 910.201 /
_bO61
100 _aOrbegoso Villasante, Carlos E.
_933500
245 _aCusco turístico :
_bguía practica /
260 _aCusco :
300 _a37 páginas ;
_c21 cm.
505 _aGuía del Cusco -- Información general -- Medios y vias de comunicación...
650 _aGuía turística.
_916725
942 _2ddc
_cLIBROS
945 _awfj
_d2019-04-24